000 00257nam a2200109Ia 4500
008 240625s9999 xx 000 0 und d
041 _aeng
100 _aTHE ECONOMIC TIMES
245 _aHEALTHCARE AN ET KNOWLEDGE SERIES
260 _c2007
365 _cRS
_b10
999 _c33721
_d33721